| 000 | 00816na a2200241 4500 | ||
|---|---|---|---|
| 001 | 18324 | ||
| 003 | MIRAKIL | ||
| 005 | 20181213154919.0 | ||
| 008 | 161116b tu 000 0 | ||
| 040 |
_aMilas _btur _cTR-AnCHP |
||
| 041 |
_atur _aeng |
||
| 082 |
_a070.4909561 _bY44 2012 |
||
| 090 | _a070.4909561 Y44 2012 | ||
| 245 |
_aYılın basın fotoğrafları 2012 _b= Press photos of the year 2012 _cTürkiye Foto Muhabirleri Derneği |
||
| 246 | _aPress photos of the year '12 | ||
| 260 |
_aAnkara _bTürkiye Foto Muhabirleri Derneği _c2012 |
||
| 300 |
_a183 s. _bfotğ. _c30 sm. |
||
| 546 | _aMetin Türkçe-İngilizce karşılıklıdır. | ||
| 650 |
_aBasın fotoğrafçılığı _zTürkiye |
||
| 710 | _aTürkiye Foto Muhabirleri Derneği | ||
| 740 | _aPress photos of the year '12 | ||
| 942 |
_2dcc _cBKS |
||
| 999 |
_c3081 _d3081 |
||